Na svahu /

Hlavní autor: Švanda, Ivan, 1960-
Další autoři: Szányiová, Katarína, 1974-, Novotný, Vladimír, 1946-
Jazyk: Čeština
Vydáno: Ostrava : Protimluv, 2007
Edice: Poezie (Protimluv)
Témata:
Externí odkaz: Digitalizovaný dokument
Fyzický popis: 77 s. : il. ; 16 cm
Knihy
Uloženo v:
LEADER 01343nam a2200361 a 4500
001 nkc20071720513
003 CZ PrNK
005 20230609122121.0
007 ta
008 070521s2007 xr a g 000 p cze
015 |a cnb001720513 
020 |a 978-80-239-9451-3  |q (váz.) 
035 |a (OCoLC)228497474 
040 |a ABA001  |b cze  |d OLA001 
072 7 |a 821.162.3-1  |x Česká poezie  |2 Konspekt  |9 25 
080 |a 821.162.3-1  |2 MRF 
080 |a (0:82-1)  |2 MRF 
100 1 |a Švanda, Ivan,  |d 1960-  |7 xx0067828  |4 aut 
245 1 0 |a Na svahu /  |c Ivan Švanda ; [ilustrovala Katarína Szanyi-Hudečková ; k vydání připravil a doslovem opatřil Vladimír Novotný] 
260 |a Ostrava :  |b Protimluv,  |c 2007 
300 |a 77 s. :  |b il. ;  |c 16 cm 
490 1 |a Poezie ;  |v 1 
655 7 |a česká poezie  |7 fd133958  |2 czenas 
655 9 |a Czech poetry  |2 eczenas 
700 1 |a Szányiová, Katarína,  |d 1974-  |7 jo20000080589  |4 ill 
700 1 |a Novotný, Vladimír,  |d 1946-  |7 jk01090794  |4 edt  |4 waw 
830 0 |a Poezie (Protimluv)  |0 s 
856 4 1 |u http://www.digitalniknihovna.cz/mzk/uuid/uuid:799d4620-5065-11e9-936e-005056827e52  |y Digitalizovaný dokument  |x NDK 
910 2 |a BOA001  |b 1-1190.955 
990 |a BK 
995 |a 01 
991 |b 200801 
996 6 |b 2610327775  |c 1-1190.955  |l MZK  |r Sklad / do 1 hodiny  |n 0  |p p.v.  |w 000878600  |u 000010  |a 1  |e BOA001  |j MZK50  |s P